Clinical calculations : with applications to general and specialty areas (Record no. 83618)

MARC details
000 -LEADER
fixed length control field 00309 a2200109 4500
000 - LEADER
fixed length control field nam a22 7a 4500
020 ## - INTERNATIONAL STANDARD BOOK NUMBER
International Standard Book Number 9780323390880
100 ## - MAIN ENTRY--PERSONAL NAME
Personal name Kee, Joyce LeFever
245 ## - TITLE STATEMENT
Title Clinical calculations : with applications to general and specialty areas
250 ## - EDITION STATEMENT
Edition statement Eighth edition
260 ## - PUBLICATION, DISTRIBUTION, ETC.
Name of publisher, distributor, etc. Elsevier
Date of publication, distribution, etc. 2017.

No items available.